This one won't fly (Record no. 76661)

MARC details
000 -LEADER
fixed length control field 00879cab a2200193 4500
001 - CONTROL NUMBER
control field ##L132849
008 - FIXED-LENGTH DATA ELEMENTS--GENERAL INFORMATION
fixed length control field 060314n2006 000 0 eng u
035 ## - SYSTEM CONTROL NUMBER
System control number (Sirsi) u132849
041 0# - LANGUAGE CODE
Language code of text/sound track or separate title eng
100 1# - MAIN ENTRY--PERSONAL NAME
Personal name Barnes, Rachel
245 00 - TITLE STATEMENT
Title This one won't fly
260 ## - PUBLICATION, DISTRIBUTION, ETC.
Date of publication, distribution, etc. 2006
490 #0 - SERIES STATEMENT
Series statement Building
Volume/sequential designation 271(8421) 10 March 2006, 59(1)
520 ## - SUMMARY, ETC.
Summary, etc. Examines the changes made to the NEC Professional Services contract (Third Edition). These include the introduction of key dates, compilation of a risk register, procedural changes relating to compensation events which extend the liability of consultants, and restrictions to limits of liability.
590 ## - LOCAL NOTE (RLIN)
Local note IKA140306
650 24 - SUBJECT ADDED ENTRY--TOPICAL TERM
Topical term or geographic name entry element NEC PROFESSIONAL SERVICES CONTRACT (THIRD EDITION)
690 ## - LOCAL SUBJECT ADDED ENTRY--TOPICAL TERM (OCLC, RLIN)
Topical term or geographic name as entry element BUILT ENVIRONMENT-BUILDING CONTRACT FORMS-STANDARD FORMS OF BUILDING CONTRACT-NEW ENGINEERING CONTRACT CONTRACTS
942 ## - ADDED ENTRY ELEMENTS (KOHA)
Suppress in OPAC 0
Holdings
Withdrawn status Lost status Source of classification or shelving scheme Damaged status Not for loan Home library Current library Shelving location Date acquired Total Checkouts Full call number Barcode Date last seen Copy number Price effective from Koha item type
    Dewey Decimal Classification     London London Journal article 14/03/2006   L132849 132849-1001 06/08/2019 1 06/08/2019 Journal article